000 00366nam a2200157 i 4500
001 bg
100 1 _aHYKS, Pavel.
245 0 _aSchody /
_cPavel Hyks, Milan Gaborik, Oto Vrona.
260 _aWarszawa,
_c1984.
700 1 _aGABORIK, Milan.
700 1 _aVRONA, Oto.
040 _cBPK
041 _apol
942 _cKS
008 s pl f |000 0 pol
999 _c1138
_d1138
856 _uhttp://koha.tu.koszalin.pl/cgi-bin/koha/opac-detail.pl?biblionumber=1138
_yKatalog online BPK